Đoàn Thanh niên Cộng sản Hồ Chí Minh : Niên giám 2000 - 2002
Đã lưu trong:
| Format: | Bog |
|---|---|
| Sprog: | Undetermined |
| Udgivet: |
H.
CTQG
2002
|
| Fag: | |
| Tags: |
Tilføj Tag
Ingen Tags, Vær først til at tagge denne postø!
|
| Thư viện lưu trữ: | Trung tâm Học liệu Trường Đại học Cần Thơ |
|---|
| LEADER | 00457nam a2200169Ia 4500 | ||
|---|---|---|---|
| 001 | CTU_53651 | ||
| 008 | 210402s9999 xx 000 0 und d | ||
| 020 | |b 245000 | ||
| 082 | |a 321.02 | ||
| 082 | |b Đ406 | ||
| 245 | 0 | |a Đoàn Thanh niên Cộng sản Hồ Chí Minh : Niên giám 2000 - 2002 | |
| 260 | |a H. | ||
| 260 | |b CTQG | ||
| 260 | |c 2002 | ||
| 650 | |a youth | ||
| 650 | |z vietnam | ||
| 980 | |a Trung tâm Học liệu Trường Đại học Cần Thơ | ||